The legend of the light-bearers

Bibliographic Details
Main Author: Rubino, Dr. Joe
Corporate Author: Title
Format: Book
Published: Kuala Lumpur : Golden Books Centre , 2005
Subjects:

MARC

LEADER 00000cam a2200000 7i4500
001 0000012355
005 20071213.0
008 071213
020 |a 9837205377 
090 0 0 |a 158   |b RUB 
100 1 |a Rubino, Dr. Joe 
245 1 4 |a The legend of the light-bearers   |c Dr. Joe Rubino 
260 |a Kuala Lumpur :   |b Golden Books Centre ,   |c 2005 
650 0 |a English fiction 
650 0 |a Success   |x Psychological aspects 
710 0 |a Title 
999 |a 0000925861   |b Book   |c Adult Collection   |e Cawangan Bukit Gambir 
999 |a 0000934327   |b Book   |c Adult Collection   |e Cawangan Tangkak 
999 |a 0000934328   |b Book   |c Adult Collection   |e Cawangan Tangkak 
999 |a 0000934329   |b Book   |c Adult Collection   |e Cawangan Tangkak 
999 |a 0001003587   |b Book   |c Adult Collection   |e Perbadanan Perpustakaan Awam Johor 
999 |a 0001003588   |b Book   |c Adult Collection   |e Perbadanan Perpustakaan Awam Johor 
999 |a 0001003793   |b Book   |c Adult Collection   |e Perbadanan Perpustakaan Awam Johor